| 000 | 00895nam a22001937a 4500 | ||
|---|---|---|---|
| 999 |
_c17227 _d17227 |
||
| 003 | AR-CdUCM | ||
| 008 | 190507b ||||| |||| 00| 0 spa d | ||
| 040 |
_aMUNICIPALIDAD PROVINCIAL DEL CUSCO _cBIBLIOTECA MUNICIPAL DEL CUSCO |
||
| 082 |
_a342.8 / _bG26 |
||
| 100 |
_aGarcia Calderon K, Manuel. _937110 |
||
| 245 |
_aLa capacidad cambiaría en el derecho internacional privado : _bEstudio comparativo de las legislaciones americanas / |
||
| 260 |
_aLima : _bGil, S.A., _c1951. |
||
| 300 |
_a267 páginas ; _c25 cm. |
||
| 505 | _aContenido :Los conflictos de leyes y la capacidad cambiara -- Países que combina la territorialidad con la personalidad -- El principio territorial de la obligatoriedad absoluta -- Las provisiones de la ley colombiana ... | ||
| 650 |
_aDerecho internacional. _95497 |
||
| 650 |
_aDerecho constitucional. _94734 |
||
| 942 |
_2ddc _cLIBROS |
||
| 945 |
_arum _d2019-05-07 |
||